000 00489nam a2200181Ia 4500
001 2289
005 20260306144756.0
008 260306t2010||||xx |||||||||||||| ||spa||
041 _aESP
082 _a616.855
_bV67
100 _aVillegas Lirola, Francisco
_eAUT
245 0 _aMateriales de logopedia:
_bevaluación e intervención de las dificultades fonológicas
260 _c2010
300 _a172 páginas :
_c24 cm.
650 _aGEN
654 _aCPS
942 _cLIB
_dJUS
_fJUS
_2ddc
_n
999 _c2289
_d2289